| Tag |
First Indicator |
Second Indicator |
Subfields |
| LEADER |
00000cam a2200000 i 4500 |
| 001 |
in00003801821 |
| 005 |
20211120173856.0 |
| 006 |
m o d f |
| 007 |
cr bn||||||||| |
| 008 |
160219s1980 dcu ob f000 0 eng c |
| 035 |
|
|
|a (OCoLC)ocn939921041
|
| 040 |
|
|
|a GPO
|b eng
|e rda
|e pn
|c GPO
|d MvI
|d UtOrBLW
|
| 042 |
|
|
|a pcc
|
| 043 |
|
|
|a n-us---
|
| 049 |
|
|
|a WWW
|
| 074 |
|
|
|a 0780-A-11 (online)
|
| 086 |
0 |
|
|a L 37.19/2:1.3
|
| 245 |
0 |
0 |
|a Knowledge development under the youth initiatives :
|b proceedings of an overview conference (Waltham, Massachusetts, October 5-6, 1978) /
|c Brandeis University.
|
| 246 |
3 |
0 |
|a Proceedings of an overview conference (Waltham, Massachusetts, October 5-6, 1978)
|
| 264 |
|
1 |
|a Washington, D.C. :
|b U.S. Department of Labor, Employment and Training Administration, Office of Youth Programs,
|c 1980.
|
| 300 |
|
|
|a 1 online resource (244 unnumbered pages).
|
| 336 |
|
|
|a text
|b txt
|2 rdacontent
|
| 337 |
|
|
|a computer
|b c
|2 rdamedia
|
| 338 |
|
|
|a online resource
|b cr
|2 rdacarrier
|
| 490 |
1 |
|
|a Youth knowledge development report ;
|v 1.3
|
| 500 |
|
|
|a Title from title screen (viewed Feb. 17, 2016).
|
| 500 |
|
|
|a "April 1980."
|
| 500 |
|
|
|a "edition 210 519."
|
| 500 |
|
|
|a "CE 030 793."
|
| 504 |
|
|
|a Includes bibliographical references.
|
| 650 |
|
0 |
|a Youth
|x Employment
|z United States
|v Congresses.
|
| 650 |
|
0 |
|a Career education
|z United States
|v Congresses.
|
| 710 |
1 |
|
|a United States.
|b Employment and Training Administration.
|b Office of Youth Programs,
|e issuing body.
|0 http://id.loc.gov/authorities/names/n78001888
|
| 710 |
2 |
|
|a Brandeis University.
|0 http://id.loc.gov/authorities/names/n80072552
|
| 710 |
2 |
|
|a Educational Resources Information Center (U.S.)
|0 http://id.loc.gov/authorities/names/n50055802
|
| 776 |
0 |
8 |
|i Print version:
|t Knowledge development under the youth initiatives
|w (OCoLC)7321616
|
| 830 |
|
0 |
|a Youth knowledge development report.
|p Knowledge development framework ;
|v 1.3.
|0 http://id.loc.gov/authorities/names/n86729675
|
| 856 |
4 |
0 |
|u https://purl.fdlp.gov/GPO/gpo65481
|t 0
|
| 999 |
f |
f |
|s 588ff037-99f3-3f06-9556-fc6bca0ecc08
|i da575e34-ff7d-3fd6-861c-fa75ca9c885d
|t 0
|
| 952 |
f |
f |
|a Texas A&M University
|b College Station
|c Electronic Resources
|d Available Online
|t 0
|e L 37.19/2:1.3
|h Superintendent of Documents classification
|
| 998 |
f |
f |
|a L 37.19/2:1.3
|t 0
|l Available Online
|